00477nam a2200181Ia 4500003000900000008004100009020001800050040001600068080001200084100001900096245007400115260003500189300001000224650001400234650002200248650001200270650001300282IN-BaIIA211028s9999 xx 000 0 eng d a0-06-043853-3 cIIA Library a52bBAS aBash, Frank N. 0aAstronomycFrank N. Bash  aNew YorkbHarper and Rowc1977 a468p. aAstronomy aStellar structure aThe sky aThe star